[Event "SLO-chT 12th"]
[Site "Bled"]
[Date "2002.11.19"]
[Round "3"]
[White "Kozul, Zdenko"]
[Black "Atalik, Suat"]
[Result "1-0"]
[WhiteElo "2565"]
[BlackElo "2575"]
[Annotator "Atalik,S"]
[PlyCount "127"]
[EventDate "2002.11.18"]
[EventType "team-tourn"]
[EventRounds "9"]
[EventCountry "SLO"]
[SourceTitle "CBM 092"]
[Source "ChessBase"]
[SourceDate "2003.02.06"]
[SourceVersion "1"]
[SourceVersionDate "2003.02.06"]
[SourceQuality "1"]
[WhiteTeam "Maribor SK Piramida"]
[BlackTeam "Ptuj"]
[WhiteTeamCountry "SLO"]
[BlackTeamCountry "SLO"]

1. d4 d5 2. c4 c6 3. Nc3 Nf6 4. e3 a6 5. Bd2 $5 {A favorite line of Zdenko.} b5
{The common response.} (5... Bf5 $5 {is still an interesting alternative.I
believe there is nothing immediate.} 6. Qb3 (6. cxd5 cxd5 7. Qb3 Ra7 (7... Nc6
$2 8. Qxb7 Na5 9. Qb4 e5 10. Qa4+ Bd7 11. Qd1 $16) 8. Rc1 Nc6 9. Nf3 e6 10. Nh4
$14) 6... Ra7 7. Nf3 e6 8. Nh4 $14) 6. cxd5 cxd5 7. Nf3 e6 8. Ne5 Be7 {I
somehow wanted to have Be7 rather than Bd6 in order to be able to have Nxe5
without being forked.} (8... Bd6 $5 9. Bd3 O-O (9... Bb7 10. O-O Nbd7 11. f4
Ne4 12. a4 b4 13. Nxe4 dxe4 14. Bc4 O-O 15. a5 $14 {Kozul-Movsesian,Bled(ol)
2002.}) 10. O-O Bb7 11. a4 (11. f4 Nbd7 (11... Ne4 12. Qc2 Nxd2 (12... f5 13.
Bxe4 dxe4 14. Qb3 Qe7 15. Be1 Re8 $13) 13. Qxd2 $13) 12. a4 b4 13. Ne2 Ne4) (
11. a3 Nbd7 12. f4 Ne4 13. Rc1 Rc8 14. Qe2 f6 15. Nxd7 Qxd7 16. Nxe4 dxe4 17.
Bb1 Bd5 18. Rxc8 Rxc8 19. Rc1 $11) 11... b4 12. Ne2 Nbd7 $13) 9. Bd3 O-O 10.
O-O Bb7 11. f4 Ne4 $5 {Maybe this is too refined!} (11... Nbd7 12. Rc1 (12. a4
b4 13. Ne2 Ne4 14. Rc1 a5 15. Nc6 Bxc6 16. Rxc6 Ndf6 17. Be1 Qd7 18. Rc1 (18.
Bb5 Nd6) 18... Rfc8 19. Bb5 Qd8 20. h3 Nd6 21. Bd3 Nfe4 $11) 12... Ne4 13. a4 (
13. Nxe4 dxe4 14. Bc2 f6 15. Nxd7 Qxd7 16. Bb3 Bd5 $11) 13... b4 14. Nxe4 dxe4
15. Bc4 $13) 12. Qc2 Nxd2 $1 {This was my idea but there are others in the
position!} (12... f6 $2 13. Nxe4 fxe5 14. Nc5 Bxc5 15. Bxh7+ Kh8 16. dxc5 e4
17. Bg6 $18) (12... f5 $6 13. Bxe4 dxe4 (13... fxe4 14. a4 b4 15. Ne2) 14. Qb3
Qd6 15. a4 (15. a3 $5 Ra7 (15... Nc6 16. Na4 Nxe5 17. fxe5 Qd5 18. Qxd5 Bxd5
19. Nb6 Ra7 20. Rac1) 16. Rac1 Nc6 17. Ne2 Nxe5 18. fxe5 Qd7 19. Nf4 Bd5 20.
Nxd5 exd5 21. Bb4) 15... b4 16. a5 Ra7 17. Na2 Bd5 18. Qxb4 Rb7 $1 19. Qxd6
Bxd6 20. Rfb1 (20. Bc3 Rc8 $44) 20... Nc6 21. Nc3 Rc8 22. Na4 Nxe5 23. fxe5 Be7
24. Rc1 Rcb8 25. Nb6 $16) 13. Qxd2 f6 14. Nf3 {There is nothing to worry about
the piece sacrifice!} (14. Qc2 $2 fxe5 15. Bxh7+ Kh8 16. dxe5 (16. fxe5 {
is not that dangerous,bishop will sut itself eventually h line with Bg5-h6.}
Nd7 $19) 16... Bc5 $1 17. Rf3 Rxf4 $1 18. Rxf4 Bxe3+ 19. Rf2 Bxf2+ 20. Kxf2
Qh4+ 21. Kg1 Qxh7 $19) 14... Nd7 15. a4 ({It is too early for} 15. g4 e5 $1 16.
fxe5 fxe5 17. dxe5 (17. Nxe5 Nxe5 18. dxe5 d4 $40) 17... d4 18. Nxd4 Nxe5 19.
Be4 (19. Be2 b4) (19. Bf5 Qd6) 19... Bxe4 20. Nxe4 Nc4 21. Rxf8+ Bxf8 $44)
15... bxa4 $5 {I wanted to keep the position fluid!} (15... b4 16. Na2 (16. Ne2
a5 17. Rac1 (17. Qc2 h6 18. Bb5 Rc8 19. Qg6 Rf7 20. Rac1 Nf8 {goes nowhere.})
17... Qb6 18. Qc2) 16... a5 17. Nc1 Nb6 18. Nb3 Nc4 19. Qe2 Rc8 20. Rac1 Qb6
21. Rc2 $13) 16. Nxa4 a5 17. Rfc1 Bb4 18. Qc2 g6 {Looks like only move to me.}
(18... h6 {Kozul} 19. Qc7 Rb8 20. f5 $1 $16) 19. Qc7 {Interesting moment for
the game.} (19. Bxg6 hxg6 $8 (19... f5 $2 {with my tournament situation,I was
counting on some tactics but they do not work!} 20. Qc7 $1 {Kozul} (20. Bxh7+
$2 Kxh7 21. Ng5+ Kh6 22. Nxe6 Qe7 23. Nxf8 Qxe3+ 24. Kh1 Rxf8 25. Qc7 Rc8 26.
Rc6+ Bxc6 27. Qxc8 Bxa4) 20... Bc8 21. Bxh7+ (21. Bf7+ Kxf7 22. Nb6 Ra7 23.
Ne5+ Kg7 24. Qxd8 Rxd8 25. Nxc8 Rb7 $44) 21... Kxh7 22. Nb6 Ra7 23. Qxa7 Qxb6
24. Qxb6 Nxb6 25. Rc7+ Kg8 26. Ne5 $16) 20. Qxg6+ Kh8 21. Qh6+ $11 {White has
to take a draw!} (21. Rf1 $2 Qe7 22. Ng5 fxg5 23. Rf3 Rf7 $19)) 19... Rb8 {
After this it is obvious that white did not get much.} 20. Qxd8 (20. Bb5 Bc8 {
is not that consequent for white.}) 20... Rfxd8 21. Kf2 {Protecting e3 square.}
(21. g4 $6 e5 $1 22. fxe5 fxe5 23. dxe5 Re8 24. Bb5 Nxe5 {the point!} 25. Bxe8
Nxf3+ 26. Kf2 Rxe8 27. Kxf3 d4+ $17) 21... Kf7 22. g4 Ke7 23. h4 (23. g5 $5
Rdc8 $1 $13 (23... f5 24. Bb5 Bc8 25. Be2) (23... fxg5 24. Nxg5 Nf6 25. Nc5))
23... f5 24. g5 Rdc8 $11 25. h5 $1 {Good but followed with the wrong idea!}
Rxc1 26. Rxc1 gxh5 $5 27. Bb5 $6 {King's walk is required in the position!} (
27. Kg3 Bd6 (27... Kd6 28. Bb5 (28. Kh4 Bc6 29. Ra1 h6 30. gxh6 Rh8 31. Kxh5
Ke7 32. Nc3 Nf6+ 33. Kg5 Rg8+ 34. Kh4 Rh8 35. Ne5 Rxh6+ 36. Kg3 Be8 $11) 28...
Bc8 29. Kh4 $1 (29. Rc6+ $6 Ke7 30. Kh4 Bd6 31. Be2 Nf8 32. Rb6 Bd7 33. Rxb8
Bxb8 34. Nc5 Be8 $17) 29... Nf8 30. Kxh5 Ke7 31. Kh6 Bd6 32. Nc3 $16) 28. Kh4
Ba8 (28... Nf8 29. Kxh5 Bc8 30. Rc2 Bd7 31. Nc5 Be8+ 32. Kh6 a4 33. Ne5 $14)
29. Kxh5 Rb4 30. Bc2 Bc6 31. Ra1 Nf8 32. b3 $14) 27... Bc8 28. Be2 Bd6 29. Rh1
Nf8 $1 {Saves the pawn and keeps it!} (29... Rb4 30. Bd1 Nf8 (30... Nb6 31.
Nxb6 Rxb2+ 32. Kg3 Rxb6 33. Rxh5 Kf7 34. Rxh7+ Kg8 35. Rh2 $1 Bd7 36. Ra2 Rb1 (
36... Bb4 37. Ne5 Be8 38. Ba4 $16) 37. Bc2 Rc1 38. Nd2 $14) 31. b3 Bd7 32. Rxh5
Bxa4 33. bxa4 $11) 30. Ra1 Ng6 $1 (30... Bd7 31. Nc5 Bxc5 32. dxc5 a4 33. Nd4
$44) 31. Ne1 (31. Nc5 Bc7) 31... h4 32. Bh5 Bd7 33. Nd3 Rb3 34. Nc3 $8 {
Stiff resistance.} (34. Bxg6 $2 hxg6 35. Nc3 a4 $19) 34... Bc7 $1 (34... Bb4
35. Bd1 Rxb2+ 36. Nxb2 Bxc3 37. Ra2 $13) (34... Bb5 35. Nxb5 Rxb5 36. Bxg6 hxg6
37. Rh1 Kf7 38. Rxh4 Kg7 39. Rh1 a4 40. Ra1 Rb3 41. Ke2 a3 42. bxa3 Rxa3 $11)
35. Rh1 Be8 36. Bd1 Rb8 37. Ba4 $1 $15 {After this bishops exchange nothing is
clear.} Bxa4 (37... Bf7 $5 38. Nb5 (38. Bb5 h6 39. gxh6 Rh8 40. Nc5 Rxh6) 38...
Bd8 39. Nc3 {very difficult for black to make headway.}) 38. Nxa4 h6 (38... Bd6
39. Rc1 Rb3 40. Ke2 Rb7 {and black can not improve his position.}) 39. gxh6 Rh8
40. Kg2 Rxh6 41. Kh3 Rh8 {Simply losing the advantage.} (41... Nh8 $1 42. Rc1 (
42. Rg1 Nf7 43. Nac5 Rh7 $13) 42... Bd8 $13) (41... Rh7 42. Rc1 Kd6 43. Nc3 Bb6
44. Nb5+ Kd7 45. Nc5+ Bxc5 46. Rxc5 (46. dxc5 Ne7 47. Nd4 Nc6 48. Ra1 Rg7 49.
Nxc6 Kxc6 50. Rxa5 Rg3+ 51. Kxh4 Rxe3 52. b4 d4 53. Kg5 Kd5 54. Ra8 Rc3 55.
Rd8+ Ke4 $13) 46... Kd8 47. Rc6 Rb7 48. Rxe6 Nxf4+ 49. exf4 Rxb5 50. Kxh4 Rxb2
51. Kg5 a4 52. Ra6 (52. Kxf5 a3 53. Ra6 a2 54. Ke5 Rf2 55. Ra7 Kc8 56. f5 Kb8
57. Ra3 Kb7 58. f6 Kc6 $11) 52... Rb4 $11) 42. Rc1 Bd6 (42... Kd6 43. Ne5 Nxe5
44. fxe5+ Kd7 45. Nc5+ Ke7 46. Nb7 Kd7 $11) 43. Nb6 Rb8 (43... Bb4 44. Nxb4 $1
(44. Rc7+ Kd6 45. Rg7 Ne7 46. Ne5 Rg8 $40) 44... axb4 45. Rc7+ Kd6 46. Ra7 Kc6
(46... Nf8 47. Ra8) 47. Nd7 $14) 44. Rc6 $1 {Now the advantage is with white.}
Bb4 (44... a4 $6 45. Nxa4 Rb3 46. Nc3 $16) 45. Nxd5+ $1 {Excellent fighting
spirit!} (45. Nxb4 axb4 46. Nxd5+ Kd7 47. Ra6 exd5 48. Rxg6 Re8 49. Kxh4 Rxe3
50. Kg5 Re4 51. Rb6 Rxd4 52. Kxf5 Re4 53. Kg5 Kc7 $11) 45... exd5 46. Rxg6 Bd2
$4 {In mutual time trouble for many moves I was trying to find a way to have
some adavantage but now instead of going blind I had to try to defend!Good
question is if I ever learn how to defend?} (46... Bd6 $1 47. Rg2 Rb3 48. Rd2
Bb4 49. Rd1 Bd6 50. Kxh4 a4 51. Kg3 a3 (51... Kd7 52. Kf3 Kc6 53. Rc1+ Kb5 54.
Ke2) 52. bxa3 Rxa3 53. Kf3 Kf6 54. Ke2 Ra2+ 55. Rd2 Rxd2+ 56. Kxd2 $11 {
looks drawish since white also has weakness.}) (46... a4 47. Rg2 (47. Kxh4 Bd2
48. Nc5 (48. Rg2 $2 Rh8+ 49. Kg3 Rg8+) 48... Kf7 49. Kg5 Bxe3 50. Rf6+ Kg8 $11)
47... a3 48. Nxb4 (48. bxa3 Bxa3 49. Kxh4 Rh8+ 50. Kg3 Rg8+ 51. Kf3 Rxg2 52.
Kxg2 Kf6 $11) 48... Rxb4 49. bxa3 Rb3 50. Rg7+ Ke6 51. Rg6+ Ke7 52. Ra6 Rxe3+
53. Kxh4 Re4 54. Kg5 Rxd4 55. Kxf5 Re4 $1 $11 56. a4 Re1) 47. Rg2 $1 $16 {
Horrible to miss this one!} Bb4 48. Ne5 $1 {After this it was clear that I
would lose first time my third game in a row in a tournament.} Rc8 49. Kxh4 Rc1
$2 {Collapse!} (49... Be1+ 50. Kg5 Ke6 51. Rh2 Rg8+ 52. Ng6 Bb4 53. Rh7 (53.
Rh6 Bd2 (53... Be7+ 54. Kh5 Bf6 55. Rh7 Rb8 56. Ra7 Bd8 (56... Rxb2 $2 57. Nf8+
Kd6 58. Kg6) 57. Ra6+ $18) (53... Bf8 54. Rh7 Bd6 {transposes to the main line.
} (54... Bg7 55. b3 Bf6+ 56. Kh6)) 54. Rh7 Kd6 $14) 53... Bd6 54. b3 Bb4 (54...
Rb8 55. Rh6 Rxb3) 55. Ra7 Rb8 56. Ra6+ Bd6 $14 {was very resilient!}) 50. Rg7+
Ke8 51. Ra7 Rg1 52. Nc6 Be1+ 53. Kh5 Kf8 54. Ne7 $18 {The rest is simply agony!
} Rg2 55. Nxd5 Ke8 56. b3 Kd8 57. Ne7 Rb2 58. Nc6+ Ke8 59. Nxa5 Ra2 60. Nc6
Rxa7 61. Nxa7 Bf2 62. Kg5 Bxe3 63. Nb5 Kd7 64. d5 1-0

[Event "Burgas Black Sea"]
[Site "Burgas"]
[Date "2012.09.17"]
[Round "7"]
[White "Atalik, Suat"]
[Black "Malakhov, Vladimir"]
[Result "0-1"]
[WhiteElo "2603"]
[BlackElo "2700"]
[Annotator "Atalik,S"]
[PlyCount "108"]
[EventDate "2012.09.12"]
[EventType "tourn"]
[EventRounds "10"]
[EventCountry "BUL"]
[EventCategory "18"]
[SourceTitle "CBM 151"]
[Source "ChessBase"]
[SourceDate "2012.11.13"]
[SourceVersion "1"]
[SourceVersionDate "2012.11.13"]
[SourceQuality "1"]

1. d4 d5 2. c4 c6 3. Nc3 Nf6 4. e3 a6 5. Qc2 $5 {An old flame of mine!} g6 $5 {
and an old flame of his.} 6. Bd3 Bg7 7. Nf3 (7. Nge2 O-O 8. O-O {Is this ever
played?} Nbd7 (8... dxc4 9. Bxc4 Nbd7 $13) 9. cxd5 cxd5 $11) 7... O-O 8. O-O
Bg4 9. Ne5 Be6 10. b3 c5 (10... Nbd7 11. f4 (11. Nxd7 Qxd7 (11... Nxd7 12. Bb2)
12. Na4 Rae8 (12... Rad8 13. Nc5 Qc8 14. Bd2) 13. Nc5 Qc8 14. Bb2 Bf5 15. Bxf5
gxf5 16. f3 $16 {is not preferred by players with the black pieces.})) 11. cxd5
$5 {I have never been sure if Ivan's brainchild was 100% correct.} (11. Ne2
cxd4 12. exd4 Nc6 13. Nxc6 bxc6 14. Bf4 Nh5 15. Be5 dxc4 16. Bxc4 $14 {is
enough for an advantage.}) 11... Nxd5 12. Nxd5 Bxd5 13. Qxc5 Bxe5 14. dxe5 Bxg2
15. Kxg2 (15. Rd1 $5 Nd7 (15... Bf3 16. Be2 Bxe2 17. Rxd8 Rxd8 18. Qxe7 $18 {
and there ain't no compensation.}) 16. Qd4 Bf3 17. Rd2 e6 18. Qf4 Bc6 19. Bb2 (
19. Ba3 $2 Qa5) 19... Nc5 20. Bxg6 Qxd2 21. Bxh7+ Kxh7 $11) 15... Qxd3 16. Qxe7
Nc6 (16... Qd5+ 17. f3 Nc6 18. Qf6 Qxe5 19. Qxe5 Nxe5 20. Bb2 f6 $14) (16...
Nd7 17. e6 (17. Bb2 Rfe8) (17. Qd6 Qf5 18. e6) 17... Qd5+ 18. f3 fxe6 19. e4
Qe5 20. Bh6 Rf7 21. Qh4 $14) 17. Qxb7 Rfc8 $6 {This move does not have a
healthy look.} (17... Qd5+ 18. e4 $1 (18. f3 Qxe5 19. Ba3 Rad8 20. Rad1 Rxd1
21. Rxd1 Qxe3 22. Bxf8 Qe2+ 23. Kg3 Qxd1 $11) 18... Qxe4+ 19. f3 Qxe5 20. Bh6
Qb2+ 21. Kh1 Rfc8 22. Rac1 Qf6 23. Rc4 $14) ({Therefore} 17... Qe4+ $1 18. f3
Qxe5 {transposes to the line mentioned above.}) (17... Qc3 $2 18. Ba3 (18. Bd2
$5) 18... Rab8 19. Rfc1 Qa5 (19... Qxa1 20. Qxb8 $18) 20. Qxc6 Qxa3 21. Qc5 $16
{and it is a clear pawn.}) 18. e6 Qe4+ 19. f3 Qxe6 20. Bb2 (20. Ba3 $2 Rab8 21.
Qxa6 Ra8 $19) 20... Qxe3 21. Rac1 Ne7 $2 (21... Qg5+ 22. Kh1 Qd2 23. Ba1 (23.
Rxc6 Rcb8) 23... Qd5 24. Qb6 $40 {and the weakness of a1-h8 diagonal may have
its word to say in what happens.}) (21... Qd2+ 22. Rf2 Qg5+ 23. Kh1 Qe3 24.
Rcc2 Rd8 25. Bf6 Nd4 26. Rcd2 Rdc8 27. Qe4 $16) ({The best ought to be} 21...
Rd8 $142 22. Kh1 Nd4 23. Qe4 $14) 22. Kh1 $1 (22. Ba3 Re8 $132) (22. Bf6 Qd2+
23. Kh3 Qh6+ $11) 22... Rcb8 (22... Rxc1 23. Qxa8+ Rc8 24. Qxa6 $16) 23. Qe4 $1
(23. Qc7 Nd5) 23... Qxe4 24. fxe4 $14 {In spite of the seemingly big advantage
of bishop against knight in an open position things are not that clear here.}
Rb7 (24... Rb4 25. Rfe1 Rb7 $14 (25... Re8 26. Kg2 $14)) 25. Rf6 (25. Bf6 Kf8
$14) 25... Kf8 26. Rcf1 (26. Rd1 a5 27. Ra6 Rbb8 28. Rad6 Ke8 29. Bf6 a4 $11 {
Even this might have been equal since White does not have any real bite.})
26... Ng8 27. Ba3+ (27. Re6 a5) 27... Kg7 (27... Ke8 28. Rd6 {is a slight
improvement for White.} (28. Re6+ Ne7 (28... fxe6 $2 29. Rf8+ Kd7 30. Rxa8 Nf6
31. e5 Ne4 32. Rxa6 Rc7 33. Bd6 $18) 29. Re5 a5 30. Rc1 f6 31. Rec5 Kf7 32. Rc7
Raa7 $14)) 28. Rd6 (28. Rc6 a5 29. Bb2+ Kf8 $14) 28... a5 29. Bb2+ Kf8 30. Bd4
{This move may have no punch after all.} (30. Kg2 Ke8 $14 (30... a4 31. b4)) (
30. Rfd1 Ke8) 30... Ne7 31. Rdf6 Ng8 32. Rd6 Ne7 {With my terrible tournament
situation maybe I should have repeated the moves and cut my losses. Alas I
will never do that.} 33. Bf6 Ng8 34. Rd8+ $6 {A very risky plan since the rook
swap relieves the pressure.} (34. e5 $6 Nxf6 35. exf6 Rb4 $36) (34. Bc3 $1 Ke8
35. Rd4 $1 $14) 34... Rxd8 35. Bxd8 a4 $1 {Somehow this looked impossible due
to strength of my potential doubled pawns on the a-file.} 36. bxa4 Rb4 37. e5
$6 $138 ({I had to be consistent and stick to my original idea.} 37. a5 Rxe4
38. Bb6 Ra4 39. Rf3 $1 (39. Rc1 Ne7 40. Rc7 Nd5 41. Rd7 $11) 39... Ne7 (39...
Rxa2 $2 40. Bc5+ Ke8 41. Ba3 Rc2 42. a6 Rc7 43. Rf4 $40) 40. a3) 37... Ke8 $1 {
A mixture of good and bad moves by both sides: a typical time trouble phase
now and in what follows.} (37... Rxa4 $2 38. e6 f5 39. Rb1 Re4 40. Rb7 Rxe6 41.
Rxh7 Re1+ 42. Kg2 Re2+ 43. Kf3 Rxa2 44. Bg5 $11) 38. Rd1 Rxa4 39. Bg5 Ra8 $6
$138 (39... Ne7 40. Rd2 Ra5 41. Bf6 Nd5 $17) 40. Rd2 h6 41. Bh4 (41. Be3 Ke7)
41... g5 42. Bg3 $2 (42. Bf2 Ne7 43. Bc5 $15) 42... Ra3 $2 (42... Ne7 43. Rd6 (
43. Rb2 Nf5) 43... Ng6 44. Rf6 (44. e6 f5 45. e7 Nxe7 46. Rxh6 Kf7) 44... Ke7
$17) 43. Rb2 $1 $11 Ra8 44. h4 $2 {I had to take a draw with one of these
lines.} (44. e6 {is correct and as highly rated by my opponent.} fxe6 (44... f5
45. Rb7) 45. Rb8+ Rxb8 46. Bxb8 $11) (44. Kg2 Ne7 45. Kf3 h5 46. h4 Nf5 47. Bf2
$11) 44... Kd7 $1 (44... g4 45. Bf4 h5 46. Bg5 Ne7 47. e6 fxe6 48. Bxe7 Kxe7
49. Rb5 $11) 45. hxg5 {The material is to be reduced in such endings.} (45. h5
$2 Ra6 46. Kg2 f5 47. exf6 Nxf6 $19) 45... hxg5 46. Kg2 (46. Rb8 $5 {was still
possible.} Rxb8 47. e6+ Kxe6 48. Bxb8 Ne7 49. a4 Nc6 50. Bc7 f5 51. a5 Nb4 52.
Kg2 f4 53. Kf3 Kf5 54. Bd6 g4+ 55. Kf2 Na6 56. Ba3 Ke4 57. Be7 $44) (46. Rh2
Ne7 (46... Ra3 47. Rh8 Ne7) 47. Rf2 $15) 46... Ke6 47. Kf3 $2 {Being low on
time I pressed the panic button.} (47. Rf2 Ke7 48. Rf5 $11) 47... Kf5 48. Kg2 {
Back is the only way.} (48. Bf2 Ra3+) 48... Ra3 49. Rf2+ $6 (49. Kh3 Kg6 50.
Re2 Ne7 51. Kg2 Nf5 52. Bf2 Ng7 $17) 49... Kg4 50. Bh2 Nh6 51. Rf6 $6 ({
I had to play the tricky:} 51. Re2 Nf5 52. e6 fxe6 53. Re4+ Kh5 54. Rxe6 Rxa2+
55. Kg1 Kg4 56. Bb8 Nh4 57. Re4+ Kf3 58. Rxh4 $3 gxh4 $11) 51... Rxa2+ 52. Kg1
$4 {The wrong square!} (52. Kh1 Kh5 53. Bg3 Re2 54. Kg1 $17) 52... Ra1+ 53. Kf2
Kh5 $1 $19 {and Black is ready to fork in a way I cannot prevent!} 54. Kg2 (54.
Kg3 Ra3+ $19) 54... Ra2+ {Curtains!} 0-1

[Event "Sanjin Hotel Cup"]
[Site "Taiyuan"]
[Date "2004.07.23"]
[Round "6"]
[White "Lputian, Smbat G"]
[Black "Ni, Hua"]
[Result "0-1"]
[WhiteElo "2634"]
[BlackElo "2583"]
[Annotator "Atlas,V"]
[PlyCount "117"]
[EventDate "2004.07.17"]
[EventType "tourn"]
[EventRounds "9"]
[EventCountry "CHN"]
[EventCategory "16"]
[SourceTitle "CBM 102"]
[Source "ChessBase"]
[SourceDate "2004.09.23"]
[SourceVersion "1"]
[SourceVersionDate "2004.09.23"]
[SourceQuality "1"]

1. d4 d5 2. c4 c6 3. Nc3 Nf6 4. e3 a6 5. Qc2 g6 6. Nf3 Bg7 7. Bd3 O-O 8. O-O
Bg4 9. Ne5 Be6 10. Bd2 dxc4 11. Bxc4 Bxc4 12. Nxc4 Nbd7 13. b4 Rc8 14. Rac1 b5
15. Na5 e5 16. Rfd1 Re8 17. Ne2 Qb6 18. dxe5 Nxe5 19. Nd4 Kh8 20. h3 Nd5 21.
Ndb3 f5 22. a3 Qa7 23. Nc5 Nd7 24. Nab7 Nxc5 25. Nxc5 Re7 26. Re1 Rce8 27. Nb3
Re6 28. Qd3 Rd6 29. e4 fxe4 30. Rxe4 Red8 31. Qe2 Qf7 32. Re1 h6 33. Nc5 Nc3
34. Bxc3 Bxc3 35. Re7 Qf8 36. Rf1 Bf6 37. Rc7 Re8 38. Qc2 Be5 39. Ne4 $2 ({
A big mistake, ruthlessly punished by Black. After Ein schwerer Fehlgriff, der
von Schwarz drastisch bestraft wird. Nach} 39. Rd7 {White has good play. hat
Weiß gutes Spiel.}) 39... Rd4 $1 {[%csl Rc7,Gd4,Re4,Ge5]} 40. Rxc6 {[%tqu "En",
"Black is a pawn down, but his pieces are ready for a big strike. How should
Black continue?","Exploit the shaky position of the white knight.","Use your
d4-rook for the decisive blow.","d4e4","This move yields Black decisive
advantage.",3,"De","Schwarz hat einen Bauern weniger, aber seine Figuren
stehen zum großen Schlag bereit. Wie soll er fortsetzen?","Schlagen Sie
Kapital aus der unsicheren Stellung des weißen Springers.","Versetzen Sie mit
Ihrem Turm d4 den entscheidenden Schlag.","d4e4","Der Zug verschafft Schwarz
entscheidenden Vorteil.",3]} Rxe4 $1 {[%csl Re4,Ge5,Ge8][%cal Ge5h2] Winning
the knight and obtaining decisve advantage. Gewinnt den Springer mit
entscheidendem Vorteil.} 41. Rxg6 Bd4 42. Qc6 Kh7 43. Rd6 R8e7 44. Qc2 Kh8 45.
Qd2 Bg7 46. Rxa6 Re2 47. Qd5 $1 Rxf2 48. Rxf2 Re1+ 49. Kh2 Qxf2 50. Qd8+ (50.
Ra8+ {is met by wird pariert durch} Bf8 ({of course, not aber natürlich nicht} 
50... Kh7 $4 51. Qd3+ {, winning. mit Gewinn.})) 50... Qf8 51. Qxf8+ Bxf8 52.
Kg3 Kg7 53. h4 Re4 54. Rb6 h5 55. Rxb5 Bd6+ 56. Kf3 (56. Kh3 $4 {falls short
of scheidet aus wegen} Re3+ 57. g3 Rxg3+ 58. Kh2 Rg5+) 56... Rf4+ 57. Ke3 Rxh4
58. Rd5 Be7 59. Kf3 0-1